Microcomputers in building appraisal

Bibliographic Details
Main Author: Brandon, Peter S.
Other Authors: Moore, R.Geoffrey
Format: Book
Published: London : Granad Pub , 1983
Subjects:

MARC

LEADER 00000cam a2200000 7i4500
001 0000002414
005 20050615.0
020 |a 0246117427 
040 |a INS 
090 0 0 |a TH437.   |b B7 1983 
100 1 |a Brandon, Peter S. 
245 1 0 |a Microcomputers in building appraisal   |c Peter S. Brandon 
260 |a London :   |b Granad Pub ,   |c 1983 
300 |a x :   |b 322p. ;   |c 24 cm. 
650 0 0 |a Building   |x data processing 
650 0 0 |a Microcomputers 
700 1 |a Moore, R.Geoffrey 
999 |a 0000000762   |b BOOK   |c Open Shelf   |e Default branch